000 00367nam a22001577a 4500
003 OSt
008 201026b ||||| |||| 00| 0 eng d
082 _a302.2
_bKUC
100 _aEnglish Book Depot
245 _aCommunication Skill Hindi Sem-1
250 _a1st
260 _aKarnal
_bEnglish Book Depot
_c2009
300 _a236
650 _aBBA
942 _2ddc
_cBK
999 _c9097
_d9097